[Event "MK Cafe Cup-B"]
[Site "Koszalin"]
[Date "1997.??.??"]
[Round "4"]
[White "Dukowicz, Adam"]
[Black "Dlugosz, Jedrzej"]
[Result "1-0"]
[WhiteElo "2105"]
[BlackElo "2095"]
[PlyCount "113"]
[EventDate "1997.??.??"]
[EventType "swiss"]
[EventRounds "10"]
[EventCountry "POL"]
[SourceTitle "EXT 2000"]
[Source "ChessBase"]
[SourceDate "1999.11.16"]
[SourceVersion "1"]
[SourceVersionDate "1999.11.16"]
[SourceQuality "1"]

1. d4 Nf6 2. Nf3 g6 3. c4 Bg7 4. Nc3 d6 5. e4 0-0 6. g3 e5 7. h3 Nc6 8. d5 Nd4 9. Be3 Qe7 10. Bg2 Nxf3+ 11. Qxf3 a5 12. 0-0-0 c6 13. Bf1 Bd7 14. Bd3 cxd5 15. cxd5 Rfc8 16. Kb1 a4 17. Rc1 a3 18. b3 Qd8 19. g4 Qa5 20. Bd2 Rc7 21. Rc2 Qb6 22. Rhc1 Rac8 23. Qe2 Qd4 24. Be3 Qb4 25. Qd2 Ne8 26. f3 Kf8 27. Ne2 Qxd2 28. Bxd2 Ke7 29. Rxc7 Rxc7 30. Bb4 Bh6 31. Rc2 Be3 32. Bxa3 Rxc2 33. Kxc2 Nc7 34. Bb2 h5 35. a4 hxg4 36. hxg4 f5 37. gxf5 gxf5 38. Bc1 fxe4 39. fxe4 Bxc1 40. Kxc1 Kd8 41. Nc3 Ne8 42. Kb2 Kc7 43. a5 Kb8 44. b4 Bg4 45. Kb3 Bd7 46. b5 Nf6 47. Kb4 b6 48. a6 Bg4 49. Kc4 Bf3 50. Bc2 Bg2 51. Kd3 Bf1+ 52. Ke3 Nd7 53. Bd3 Bh3 54. Na4 Bg4 55. Nb2 Kc7 56. Nc4 Nc5 57. Nxd6 1-0

[Event "MK Cafe Cup-B"]
[Site "Koszalin"]
[Date "1997.??.??"]
[Round "6"]
[White "Dukowicz, Adam"]
[Black "Krysztofiak, Marcin"]
[Result "1-0"]
[WhiteElo "2105"]
[BlackElo "2140"]
[PlyCount "59"]
[EventDate "1997.??.??"]
[EventType "swiss"]
[EventRounds "10"]
[EventCountry "POL"]
[SourceTitle "EXT 2000"]
[Source "ChessBase"]
[SourceDate "1999.11.16"]
[SourceVersion "1"]
[SourceVersionDate "1999.11.16"]
[SourceQuality "1"]

1. d4 Nf6 2. Bg5 g6 3. Nc3 d5 4. f3 h6 5. Bh4 Bg7 6. Qd2 0-0 7. 0-0-0 c6 8. e4 g5 9. e5 gxh4 10. exf6 exf6 11. g3 hxg3 12. hxg3 f5 13. Nh3 b5 14. Nf4 a5 15. Bd3 a4 16. Rh5 Qf6 17. Nce2 Rd8 18. Rh4 Rd6 19. Rdh1 Na6 20. g4 fxg4 21. Nh5 Qg5 22. f4 Qe7 23. Nxg7 Kxg7 24. Ng3 Bd7 25. Bf5 Rg8 26. Bxd7 Qxd7 27. f5 Rh8 28. Qf4 Qe7 29. f6+ Rxf6 30. Nh5+ 1-0

[Event "POL-chT2 U18"]
[Site "Augustow"]
[Date "1996.??.??"]
[Round "?"]
[White "Urbanek, Marcin"]
[Black "Dukowicz, Adam"]
[Result "0-1"]
[WhiteElo "1935"]
[BlackElo "2055"]
[PlyCount "116"]
[EventDate "1996.??.??"]
[EventType "team"]
[EventRounds "10"]
[EventCountry "POL"]
[SourceTitle "EXT 2003"]
[Source "ChessBase"]
[SourceDate "2002.11.25"]
[SourceVersion "1"]
[SourceVersionDate "2002.11.25"]
[SourceQuality "1"]

1. c4 e6 2. Nc3 d5 3. cxd5 exd5 4. d4 Nf6 5. Bf4 c6 6. a3 Nbd7 7. e3 Be7 8. Rc1 0-0 9. Bd3 Re8 10. Nb5 cxb5 11. Bc7 Bb4+ 12. axb4 Qe7 13. Qd2 a6 14. Nf3 Nb8 15. Ne5 Nfd7 16. Bxb8 Nxb8 17. Bb1 f6 18. Nd3 Bf5 19. Ba2 Be6 20. 0-0 Nc6 21. Rc5 Rad8 22. Rfc1 Qd6 23. Bb3 Bf7 24. R5c2 Re7 25. Nc5 Rc8 26. e4 Kh8 27. exd5 Bxd5 28. Bxd5 Qxd5 29. Rd1 Rd8 30. Kf1 Rde8 31. Rc3 Nxb4 32. Re3 Nc6 33. Nxb7 Rxe3 34. fxe3 Qh5 35. Rc1 Qd5 36. Nc5 Ra8 37. Nd3 Re8 38. Rc5 Qe4 39. Nf2 Qe6 40. d5 Qd7 41. Rxc6 Rd8 42. e4 Qxc6 43. dxc6 Rxd2 44. e5 Rc2 45. Ne4 Rxc6 46. exf6 gxf6 47. Nc3 Kg7 48. Ke2 Kf7 49. Kd3 Ke6 50. Ne2 Ke5 51. Ng3 f5 52. Nf1 a5 53. Nd2 Rd6+ 54. Kc3 Rxd2 55. Kxd2 Kd4 56. b3 a4 57. bxa4 bxa4 58. Kc2 Ke3 0-1

[Event "Czestochowa YAWAL op"]
[Site "Czestochowa"]
[Date "1994.??.??"]
[Round "2"]
[White "Dukowicz, Adam"]
[Black "Henc, Renata"]
[Result "0-1"]
[WhiteElo "1800"]
[BlackElo "2210"]
[PlyCount "126"]
[EventDate "1994.??.??"]
[EventType "swiss"]
[EventRounds "9"]
[EventCountry "POL"]
[SourceTitle "EXT 2006"]
[Source "ChessBase"]
[SourceDate "2005.11.24"]
[SourceVersion "1"]
[SourceVersionDate "2005.11.24"]
[SourceQuality "1"]

1. d4 Nf6 2. c4 e6 3. Nc3 Bb4 4. Qc2 c5 5. Nf3 Nc6 6. dxc5 Bxc5 7. a3 0-0 8. Bg5 Be7 9. e3 b6 10. Be2 Bb7 11. 0-0 Rc8 12. Rfd1 a6 13. b3 Qc7 14. Qb2 Rfd8 15. Rac1 Qb8 16. Na4 Qa7 17. Nd4 d5 18. cxd5 Nxd5 19. Nxc6 Bxc6 20. Bxe7 Nxe7 21. Nc3 Qb7 22. f3 b5 23. e4 Qb6+ 24. Kh1 Qf2 25. Rd2 Ng6 26. Rcd1 Rxd2 27. Qxd2 h5 28. Rf1 Qb6 29. f4 Rd8 30. Qe1 h4 31. h3 Qe3 32. Rf3 Qc5 33. b4 Qe7 34. Rf2 Rd4 35. f5 exf5 36. Rxf5 Bxe4 37. Rc5 Bb7 38. Qg1 Rd2 39. Qh2 Qd6 40. Qxd6 Rxd6 41. Rc7 Bc6 42. Ra7 Nf4 43. Kg1 Bxg2 44. Re7 Rc6 45. Nd1 Bxh3 46. Bf3 Rc1 47. Re4 g5 48. Kh2 Rc2+ 49. Kg1 Be6 50. Ne3 Rc1+ 51. Kf2 h3 52. Nf1 Rc2+ 53. Kg3 Kg7 54. Re5 f6 55. Rc5 Ra2 56. Rc7+ Kg6 57. Nh2 Rxa3 58. Rc6 Bd5 59. Rd6 Bxf3 60. Nxf3 Nh5+ 61. Kf2 Ra2+ 62. Kg1 Rg2+ 63. Kf1 Ng3+ 0-1